Les quartiers célèbres du monde - Statistiques

Statistiques générales
  • Ce quiz a été pris 212 fois
  • Le résultat moyen est 6 sur 15
Statistiques - réponses
Ville Indice Quartier % Correct
Los Angeles Le lieu du cinéma Hollywood
96%
New York Beaucoup d'asiatiques Chinatown
92%
Venise La célèbre place porte son nom San Marco
63%
Los Angeles Le flic interprété par Eddie Murphy Beverly Hills
61%
Rio de Janeiro Sa plage en forme de croissant est célèbre Copacabana
60%
Séoul Psy - "... Style" Gangnam-gu
56%
Buenos Aires Célèbre pour son club de football ".. Juniors" La Boca
45%
Rio de Janeiro Plage célèbre ainsi que sa "garota" (en chanson) Ipanema
36%
New York Globetrotters Harlem
29%
Londres S'y trouve la plupart des ministères Westminster
28%
Mexico Porte le nom d'une capitale d'Europe (en espagnol) Colonia Roma
24%
Tokyo Quartier de la mode tokyoïte Shibuya
23%
Paris Célèbre abbaye qui lui donne son nom Saint-Germain-des-Prés
14%
Rome "Au-delà du Tibre" Trastevere
14%
Berlin Quartier le plus branché de la ville Kreuzberg
7%
Aucun quiz correspondant
Distribution des résultats
% des personnes avec chaque résultat
Percentile par nombre de réponses
Votre historique - résultats
Vous n’avez pas pris ce quiz